Statistiques concernant Les noms d'oiseaux par lettres -Cn à Cy

Cliquez ici pour prendre le quiz!

Statistiques générales

  • Ce quiz a été pris 40 fois
  • Le résultat moyen est 14 sur 48

Statistiques - réponses

Réponse% Correct
Cygne
100%
Corbeau
97%
Colibri
94%
Colombe
94%
Corneille
94%
Coq
91%
Cormoran
91%
Coucou
75%
Condor
72%
Courlis
59%
Coq-de-roche
56%
Crécerelle
47%
Conure
44%
Coulicou
41%
Coquette
38%
Coracine
38%
Cordon-bleu
38%
Cotinga
38%
Coua
38%
Courlan
38%
Crabier
34%
Coucal
25%
Colin
22%
Colombine
22%
Colombar
16%
Cochevis
9%
Courvite
9%
Crave
9%
Conirostre
3%
Cnémophile
0%
Cochoa
0%
Coliou
0%
Combassou
0%
Conopophage
0%
Corbicrave
0%
Corbin
0%
Cordon-noir
0%
Corvinelle
0%
Coryllis
0%
Coryphaspize
0%
Corythopis
0%
Coscoroba
0%
Cossyphe
0%
Courol
0%
Couturière
0%
Créadion
0%
Crick
0%
Cubla
0%

Distribution des résultats

Percentile par nombre de réponses

% des personnes avec chaque résultat

Votre développement - résultats

Vous n’avez pas pris ce quiz